Routledge handbook of maritime regulation and enforcement / (Record no. 3167)

000 -LEADER
fixed length control field 01493cam a2200361Ii 4500
008 - FIXED-LENGTH DATA ELEMENTS--GENERAL INFORMATION
fixed length control field 180706s2016 enka ob 001 0 eng d
020 ## - INTERNATIONAL STANDARD BOOK NUMBER
International Standard Book Number 9781134499472 (e-book: PDF)
Qualifying information (e-book : PDF)
020 ## - INTERNATIONAL STANDARD BOOK NUMBER
International Standard Book Number 9781134499540
Qualifying information (e-book: ePub)
020 ## - INTERNATIONAL STANDARD BOOK NUMBER
International Standard Book Number 9781134499618
Qualifying information (e-book: Mobi)
020 ## - INTERNATIONAL STANDARD BOOK NUMBER
Qualifying information (hardback)
020 ## - INTERNATIONAL STANDARD BOOK NUMBER
Qualifying information (paperback)
040 ## - CATALOGING SOURCE
Original cataloging agency IMU Kochi Library
Language of cataloging eng
041 0# - LANGUAGE CODE
Language code of text/sound track or separate title eng
082 04 - DEWEY DECIMAL CLASSIFICATION NUMBER
Classification number 343.096
Item number R869
245 00 - TITLE STATEMENT
Title Routledge handbook of maritime regulation and enforcement /
246 30 - VARYING FORM OF TITLE
Title proper/short title Handbook of maritime regulation and enforcement
300 ## - PHYSICAL DESCRIPTION
Extent 1 online resource (xxxv, 412 pages)
490 1# - SERIES STATEMENT
Series statement Routledge handbooks
505 0# - FORMATTED CONTENTS NOTE
Formatted contents note pt. A. International law considerations in maritime regulation and enforcement -- pt. B. Role of states and other international actors in maritime regulation and enforcement -- pt. C. Regulation and enforcement in different maritime sectors -- pt. D. Current issues and future challenges.
650 #0 - SUBJECT ADDED ENTRY--TOPICAL TERM
Topical term or geographic name as entry element Maritime law.
650 #0 - SUBJECT ADDED ENTRY--TOPICAL TERM
Topical term or geographic name as entry element Marine resources development
General subdivision Law and legislation.
700 1# - ADDED ENTRY--PERSONAL NAME
Personal name Kaye, Stuart.
700 1# - ADDED ENTRY--PERSONAL NAME
Personal name Warner, Robin.
830 #0 - SERIES ADDED ENTRY--UNIFORM TITLE
Uniform title Routledge handbooks.
852 ## - LOCATION/CALL NUMBER
Location IMU Kochi Library
856 40 - ELECTRONIC LOCATION AND ACCESS
Uniform Resource Identifier <a href="https://www.taylorfrancis.com/books/9781134499472">https://www.taylorfrancis.com/books/9781134499472</a>
Public note Click here to view.
904 ## - LOCAL DATA ELEMENT D, LDD (RLIN)
CATALOGER Rudra Ranjan
905 ## - LOCAL DATA ELEMENT E, LDE (RLIN)
VERIFIER Rudra Ranjan
942 ## - ADDED ENTRY ELEMENTS (KOHA)
Item type E-Book
264 #1 -
-- London ;
-- New York :
-- Routledge,
-- 2016.

No items available.



Copyright © All Rights Reserved by Indian Maritime University, Kochi Campus.
For any Suggestions/Query Contact to library or Email: library.kochi@imu.ac.in Ph:(0484)-2989402
(Web OPAC Designed by Rudra Ranjan. Maintained by IMU Kochi Library)

Powered by Koha